000 03651cam a2200409 i 4500
001 22574936
003 EG-ScBUE
005 20250514085448.0
008 220526t2009 caua f b 000 0 eng d
020 _a9780974320625
020 _a0974320625
035 _a(OCoLC)ocn298781856
040 _aBTCTA
_beng
_erda
_cBTCTA
_dILM
_dBWX
_dOCLCQ
_dSINIE
_dVP@
_dILC
_dDEBSZ
_dYDXCP
_dVET
_dBDX
_dTULIB
_dOCLCF
_dVZD
_dOCLCQ
_dOCLCO
_dRB0
_dOCLCQ
_dBEDGE
_dLTP
_dCNGUL
_dOCLCO
_dMND
_dI8M
_dOCLCO
_dN$V
_dOCLCO
_dTUL
_dUZ0
_dOCLCO
_dNTX
_dBYV
_dDHA
_dP@N
_dTAW
_dOCLCO
_dCSJ
_dOCLCO
_dOCLCQ
_dOCLCO
_dOCLCQ
_dDMY
_dQQ3
_dMOF
_dOCLCO
_dGILDS
_dOCLCO
_dHMG
_dRVA
_dCPO
_dP4A
_dOCLCO
_dFB3
_dCPS
_dS#L
_dIGA
_dOCLCO
_dWW9
_dTOF
_dBHL
_dOCLCO
_dFYM
_dOCLCO
_dOCLCA
_dIWU
_dOCLCO
_dIHT
_dOCLCA
_dOCLCQ
_dGAVCL
_dOCLCQ
_dOCLCO
_dBBW
_dOCLCO
_dDLC
_dEG-ScBUE
043 _an-us---
082 0 4 _a152.4
_222
_bBRA
100 1 _aBradberry, Travis,
_eauthor.
245 1 0 _aEmotional intelligence 2.0 /
_cDr. Travis Bradberry & Jean Greaves ; foreword by Patrick Lencioni.
264 1 _aSan Diego, California :
_bTalentSmart,
_c[2009]
264 4 _c©2009
300 _axvii, 255 pages :
_billustrations ;
_c19 cm
336 _atext
_btxt
_2rdacontent
337 _aunmediated
_bn
_2rdamedia
338 _avolume
_bnc
_2rdacarrier
500 _a"Includes a new & enhanced online edition of the world's most popular emotional intelligence test."
504 _aIncludes bibliographical references.
505 0 0 _tJourney --
_tBig Picture --
_tWhat Emotional Intelligence looks Like: Understanding the Four Skills --
_tDigging In: An Action Plan to Increase Your EQ --
_tSelf-Awareness Strategies --
_tSelf-Management Strategies --
_tSocial Awareness Strategies --
_tRelationship Management Strategies --
_gEpilogue--Just the Facts : A Look at the Latest Discoveries in Emotional Intelligence --
_tDiscussion Questions for Reading Groups.
520 _a"Knowing what emotional intelligence is, and knowing how to use it to improve your life, are two very different things." --Publisher.
520 _aIn today's fast-paced world of competitive workplaces and turbulent economic conditions, each of us is searching for effective tools that can help us manage, adapt, and strike out ahead of the pack. By now, emotional intelligence (EQ) needs little introduction--it's no secret that EQ is critical to your success. But knowing what emotional intelligence is and knowing how to use it to improve your life are two very different things. Emotional Intelligence 2.0 delivers a step-by-step program for increasing your emotional intelligence using the four core EQ skills--self-awareness, self-management--to exceed your goals and achieve your fullest potential. For the first time ever in a book, Drs. Bradberry and Greaves unveil Talent Smart's revolutionary program to help people identify their EQ skills, build these skills into strengths, and enjoy consistent performance in the pursuit of important life objectives. This book contains proven strategies from a decade-long effort to accurately measure and increase emotional intelligence. Trusted by upper-echelon leaders inside companies worldwide, these strategies will enable you to capitalize on the skills responsible for 58% of performance in all types of jobs--from dust jacket.
650 7 _aEmotional intelligence.
_2BUEsh
653 _cMay2025
_bHHUUPPSS
655 _vReading book
700 1 _aGreaves, Jean,
_eauthor.
700 1 _aLencioni, Patrick,
_d1965-
_ewriter of foreword.
856 4 1 _3Table of contents
_qapplication/pdf
_uhttp://swbplus.bsz-bw.de/bsz314834796inh.htm
_v20100120143328
906 _a7
_bcbc
_ccopycat
_d2
_encip
_f20
_gy-gencatlg
942 _2ddc
_cBB
999 _c30984
_d30955